00791nam a2200193 a 450000100100000000500170001000800410002702000150006804000300008308200160011310000310012924500690016026000750022930000640030450400320036850400710040058600830047160000430055400001802320200929165324.0870722s1985 pr a b 001 mdspa d a0865813752 aDO-SdBNPcDLCdDLCdBNPHU annnnbA776s1 aArrillaga, María,d1940-14aLos silencios de María Bibiana Benítez /cMaría Arrillaga. aSan Juan de Puerto Rico :bInstituto de Cultura Puertorriquena,c1985. a70 p. :bil. ;c22 cm.e(Santo Domingo :fEditora Corripio) aBibliografía: p. [59]-60. aIncluye índice y notas bibliográficas al pie de las páginas. aPrimer premio 1983, Instituto Comercial de Puerto Rico, Recinto de Mayagüez.10aBenítez, María Bibiana,d1783-1873